موسوعة الفا / (رقم التسجيلة. 92099)

تفاصيل مارك
000 -LEADER
fixed length control field 00481nam a22001937a 4500
005 - DATE AND TIME OF LATEST TRANSACTION
control field 20251108172929.0
008 - FIXED-LENGTH DATA ELEMENTS--GENERAL INFORMATION
fixed length control field 250721s1997 xx 000 0 ara d
082 14 - DEWEY DECIMAL CLASSIFICATION NUMBER
Classification number م/ط/031.02/موس
100 1# - MAIN ENTRY--PERSONAL NAME
Personal name صقر، جوزف
Relator term comp.
245 10 - TITLE STATEMENT
Title موسوعة الفا /
246 13 - VARYING FORM OF TITLE
Title proper/short title اسئلة و اجوبة
264 ## - PRODUCTION, PUBLICATION, DISTRIBUTION, MANUFACTURE, AND COPYRIGHT NOTICE
Date of production, publication, distribution, manufacture, or copyright notice 1997.
300 ## - PHYSICAL DESCRIPTION
Extent 96/ص
490 ## - SERIES STATEMENT
Volume/sequential designation 1
650 17 - SUBJECT ADDED ENTRY--TOPICAL TERM
Topical term or geographic name as entry element الموسوعات
650 17 - SUBJECT ADDED ENTRY--TOPICAL TERM
Topical term or geographic name as entry element اسئلة و اجوبة
942 ## - ADDED ENTRY ELEMENTS (KOHA)
Source of classification or shelving scheme Dewey Decimal Classification
Koha item type كتب
المقتنيات
حالة السحب حالة الفقدان مصدر التصنيف حالة التلف غير قابل للإعارة المكتبة الرئيسية المكتبة الحالية موقع الرف تاريخ التزويد الرقم المتسلسل Total Checkouts رقم الإستدعاء الباركود تاريخ آخر ظهور تاريخ الفاتورة نوع المادة (كوها)
    Dewey Decimal Classification     المكتبة المركزية المكتبة المركزية الأطفال 28/07/2025 265922   م/ط/031.02/موس 265922 28/07/2025 28/07/2025 كتب
Implemented & Customized by: BBB with SCIT (Smart Chains for Information Technology)

Powered by Koha